[Event "Landesliga Nord 1819"]
[Site "Bayern"]
[Date "2018.10.21"]
[Round "1.7"]
[White "Wallisch, Christoph"]
[Black "Rieger, Martin"]
[Result "1-0"]
[WhiteElo "1874"]
[BlackElo "1989"]
[PlyCount "61"]
[EventDate "2018.10.21"]
[EventType "team-tourn"]
[EventRounds "9"]
[EventCountry "GER"]
[SourceTitle "EXT 2022"]
[Source "ChessBase"]
[SourceDate "2021.10.06"]
[SourceVersion "1"]
[SourceVersionDate "2021.10.06"]
[SourceQuality "1"]
[WhiteTeam "Forchheim SC"]
[BlackTeam "Schwandorf"]
[WhiteTeamCountry "GER"]
[BlackTeamCountry "GER"]

1. e4 e6 2. d4 d5 3. Nd2 Be7 4. Bd3 dxe4 5. Nxe4 Nf6 6. Nf3 Nbd7 7. 0-0 b6 8. Re1 Bb7 9. Qe2 h6 10. Bf4 Nxe4 11. Bxe4 Bxe4 12. Qxe4 Bd6 13. Bxd6 cxd6 14. Qc6 Ke7 15. d5 Rc8 16. Qa4 b5 17. Qxb5 Rc5 18. Qd3 e5 19. b4 Rc8 20. Nd4 Kf8 21. Nc6 Qb6 22. a4 g6 23. a5 Qb7 24. f4 Rxc6 25. dxc6 Qxc6 26. Rad1 Ke7 27. Qd5 Qxd5 28. Rxd5 Rb8 29. c3 Ke6 30. Red1 exf4 31. Rxd6+ 1-0

[Event "Regionalliga Nord-Ost 1718"]
[Site "Bayern"]
[Date "2018.04.15"]
[Round "9.7"]
[White "Herbst, Thomas"]
[Black "Rieger, Martin"]
[Result "0-1"]
[WhiteElo "1839"]
[BlackElo "1976"]
[PlyCount "82"]
[EventDate "2017.10.22"]
[EventType "team-tourn"]
[EventRounds "9"]
[EventCountry "GER"]
[SourceTitle "EXT 2022"]
[Source "ChessBase"]
[SourceDate "2021.10.06"]
[SourceVersion "1"]
[SourceVersionDate "2021.10.06"]
[SourceQuality "1"]
[WhiteTeam "Nuernberg SK 1911"]
[BlackTeam "Schwandorf"]
[WhiteTeamCountry "GER"]
[BlackTeamCountry "GER"]

1. Nf3 g6 2. c4 Bg7 3. Nc3 d6 4. g3 e5 5. Bg2 Nc6 6. 0-0 f5 7. d3 Nf6 8. Rb1 0-0 9. b4 h6 10. b5 Ne7 11. Qc2 Be6 12. a4 b6 13. Bb2 g5 14. a5 Qd7 15. Ra1 Rab8 16. axb6 axb6 17. Ra7 Nc8 18. Ra6 Qf7 19. Na2 Nd7 20. Nb4 Nc5 21. Ra3 Ne7 22. Na6 Nxa6 23. Rxa6 Ng6 24. Ra7 g4 25. Nd2 f4 26. Qd1 Rbd8 27. Ba3 Rd7 28. Bb4 Ne7 29. Ra8 Rxa8 30. Bxa8 Rd8 31. Qa4 Nf5 32. Bc3 h5 33. Ne4 Bh6 34. Bd5 Bxd5 35. cxd5 Rf8 36. Bd2 Qxd5 37. Rc1 fxg3 38. hxg3 Bxd2 39. Nxd2 Nd4 40. Re1 Qxb5 41. Qa2+ d5 0-1

[Event "Oberpfalz-ch M1"]
[Site "Bad Koetzting"]
[Date "2018.03.24"]
[Round "2"]
[White "Rieger, Martin"]
[Black "Brunner, Tobias"]
[Result "1/2-1/2"]
[WhiteElo "2036"]
[BlackElo "1888"]
[PlyCount "114"]
[EventDate "2018.03.24"]
[EventType "swiss"]
[EventRounds "8"]
[EventCountry "GER"]
[SourceTitle "EXT 2020"]
[Source "ChessBase"]
[SourceDate "2019.10.17"]
[SourceVersion "1"]
[SourceVersionDate "2019.10.17"]
[SourceQuality "1"]

1. e4 d5 2. exd5 Qxd5 3. Nc3 Qa5 4. Bc4 Bf5 5. d3 e6 6. Bd2 c6 7. Qe2 Qc7 8. g4 Bg6 9. f4 Ne7 10. Nf3 Nd7 11. a4 0-0-0 12. a5 h5 13. g5 Nf5 14. Ne4 h4 15. Qf2 Kb8 16. b4 Be7 17. 0-0 Bh5 18. c3 Bxf3 19. Qxf3 a6 20. d4 Nf8 21. Nc5 Bxc5 22. bxc5 Ng6 23. Rfb1 Ka7 24. Rb6 Nge7 25. Rab1 Rb8 26. Qe2 Qc8 27. Bd3 Nd5 28. R6b2 Qc7 29. Qf2 Qd7 30. Bxf5 exf5 31. Re1 f6 32. Rbb1 fxg5 33. fxg5 Rhe8 34. c4 Nc7 35. d5 Re4 36. Rxe4 fxe4 37. d6 Qg4+ 38. Qg2 Qxg2+ 39. Kxg2 Ne6 40. Be3 Rf8 41. Rf1 Rxf1 42. Kxf1 Kb8 43. Kg2 Nf8 44. Kh3 Ng6 45. Bd4 Nf4+ 46. Kg4 Ne6 47. Be3 Kc8 48. Kxh4 g6 49. Kg4 Kd7 50. h4 Ng7 51. Kf4 Ke6 52. Kxe4 Nf5 53. Bf2 Ng7 54. Be1 Nh5 55. Bf2 Ng7 56. Bd4 Nf5 57. Bf2 Ng7 1/2-1/2

[Event "Regionalliga Nord-Ost 1718"]
[Site "Bayern"]
[Date "2017.10.22"]
[Round "1.7"]
[White "Rieger, Martin"]
[Black "Wahl, Markus"]
[Result "1-0"]
[WhiteElo "1976"]
[BlackElo "1844"]
[PlyCount "57"]
[EventDate "2017.10.22"]
[EventType "team-tourn"]
[EventRounds "9"]
[EventCountry "GER"]
[SourceTitle "EXT 2022"]
[Source "ChessBase"]
[SourceDate "2021.10.06"]
[SourceVersion "1"]
[SourceVersionDate "2021.10.06"]
[SourceQuality "1"]
[WhiteTeam "Schwandorf"]
[BlackTeam "Herzogenaurach II"]
[WhiteTeamCountry "GER"]
[BlackTeamCountry "GER"]

1. e4 c5 2. Nf3 Nc6 3. Nc3 g6 4. d4 cxd4 5. Nxd4 Bg7 6. Be3 d6 7. Bc4 Nf6 8. f3 0-0 9. Qd2 a6 10. 0-0-0 Na5 11. Bb3 Nxb3+ 12. axb3 b5 13. Kb1 b4 14. Nce2 a5 15. h4 h5 16. Bg5 Qb6 17. g4 a4 18. Bxf6 Bxf6 19. gxh5 a3 20. hxg6 fxg6 21. Qh6 Kf7 22. h5 Ke8 23. Qxg6+ Kd8 24. e5 Bxe5 25. Qe4 Bb7 26. Ne6+ Kc8 27. Qc4+ Kb8 28. Nxf8 axb2 29. Nd7+ 1-0

[Event "Regionalliga NO 1617"]
[Site "Bayern"]
[Date "2017.04.30"]
[Round "9.6"]
[White "Steinmueller, Alexander"]
[Black "Rieger, Martin"]
[Result "1/2-1/2"]
[WhiteElo "1959"]
[BlackElo "1922"]
[PlyCount "65"]
[EventDate "2016.10.16"]
[EventType "team-tourn"]
[EventRounds "9"]
[EventCountry "GER"]
[SourceTitle "EXT 2019"]
[Source "ChessBase"]
[SourceDate "2018.10.10"]
[SourceVersion "1"]
[SourceVersionDate "2018.10.10"]
[SourceQuality "1"]
[WhiteTeam "Herzogenaurach II"]
[BlackTeam "Schwandorf"]
[WhiteTeamCountry "GER"]
[BlackTeamCountry "GER"]

1. e4 e6 2. d4 d5 3. Bd3 dxe4 4. Bxe4 Nf6 5. Bf3 c5 6. Ne2 Nc6 7. Be3 Qb6 8. Nbc3 cxd4 9. Nxd4 Nxd4 10. Bxd4 Bc5 11. Bxc5 Qxc5 12. 0-0 0-0 13. Na4 Qa5 14. b3 Rd8 15. Qe1 Qc7 16. Qc3 Qxc3 17. Nxc3 Rb8 18. Rfd1 Bd7 19. Rd2 Rdc8 20. Ne2 Bc6 21. Bxc6 Rxc6 22. Rad1 Kf8 23. c4 a6 24. f3 b5 25. cxb5 axb5 26. Rd8+ Rxd8 27. Rxd8+ Ke7 28. Rb8 Nd5 29. Rxb5 Rc2 30. Nd4 Rxa2 31. g4 h6 32. h4 Kf6 33. Rb7 1/2-1/2

[Event "Regionalliga NO 1617"]
[Site "Bayern"]
[Date "2017.04.02"]
[Round "8.6"]
[White "Rieger, Martin"]
[Black "Schoen, Rudolf"]
[Result "1-0"]
[WhiteElo "1922"]
[BlackElo "1854"]
[PlyCount "47"]
[EventDate "2016.10.16"]
[EventType "team-tourn"]
[EventRounds "9"]
[EventCountry "GER"]
[SourceTitle "EXT 2019"]
[Source "ChessBase"]
[SourceDate "2018.10.10"]
[SourceVersion "1"]
[SourceVersionDate "2018.10.10"]
[SourceQuality "1"]
[WhiteTeam "Schwandorf"]
[BlackTeam "Windischeschenbach"]
[WhiteTeamCountry "GER"]
[BlackTeamCountry "GER"]

1. d4 f5 2. e4 fxe4 3. Nc3 Nf6 4. Bg5 Nc6 5. d5 Ne5 6. Qe2 c6 7. f4 exf3 8. Nxf3 Nxf3+ 9. Qxf3 Nxd5 10. Bc4 Nf6 11. Bxf6 d5 12. 0-0-0 Qc7 13. Nxd5 cxd5 14. Qxd5 Bd7 15. Qf7+ Kd8 16. Bxg7 Bxg7 17. Qxg7 Qf4+ 18. Kb1 Kc7 19. Qxe7 Qxc4 20. Rxd7+ Kb6 21. Rxb7+ Ka6 22. Rb3 Ka5 23. Qa3+ Qa4 24. Qc5+ 1-0

[Event "Regionalliga NO 1617"]
[Site "Bayern"]
[Date "2016.12.04"]
[Round "3.7"]
[White "Vasilache, Catalin"]
[Black "Rieger, Martin"]
[Result "1-0"]
[WhiteElo "1957"]
[BlackElo "1922"]
[PlyCount "127"]
[EventDate "2016.10.16"]
[EventType "team-tourn"]
[EventRounds "9"]
[EventCountry "GER"]
[SourceTitle "EXT 2019"]
[Source "ChessBase"]
[SourceDate "2018.10.10"]
[SourceVersion "1"]
[SourceVersionDate "2018.10.10"]
[SourceQuality "1"]
[WhiteTeam "Buechenbach/Roth"]
[BlackTeam "Schwandorf"]
[WhiteTeamCountry "GER"]
[BlackTeamCountry "GER"]

1. d4 Nf6 2. Nf3 e6 3. c4 b6 4. g3 Bb7 5. Bg2 Be7 6. 0-0 d5 7. Nbd2 0-0 8. b3 Nbd7 9. Bb2 c5 10. e3 Qc7 11. Rc1 Rac8 12. Qe2 Qb8 13. Rfd1 Rfd8 14. cxd5 exd5 15. Ne5 Nxe5 16. dxe5 Nd7 17. e6 fxe6 18. Qg4 Bf6 19. Qxe6+ Kh8 20. Bxf6 Nxf6 21. Nf3 Re8 22. Qf5 Rcd8 23. Ng5 Kg8 24. Qc2 Qe5 25. h4 h6 26. Nh3 Bc8 27. Nf4 Bf5 28. Qc3 Qxc3 29. Rxc3 d4 30. exd4 cxd4 31. Rc7 d3 32. Bc6 Re5 33. f3 d2 34. Kf2 Kh7 35. Bb7 Ne8 36. Rc3 g5 37. hxg5 hxg5 38. Ng2 Nd6 39. Bc6 Bg6 40. Ne3 Nf5 41. Ng4 Re6 42. Be4 Ne7 43. Bxg6+ Nxg6 44. Rc7+ Ne7 45. Rxa7 Kg6 46. Rc7 Rd5 47. Rc2 Red6 48. Nh2 Rd3 49. Ke2 Nf5 50. Nf1 Rxf3 51. Kxf3 Nd4+ 52. Ke4 Nxc2 53. Rxd2 Rc6 54. g4 Na3 55. Ke5 Nb5 56. a4 Rc1 57. Ne3 Re1 58. Rd3 Nc7 59. Kd6 Na6 60. Nf5 Nc5 61. Rh3 Re6+ 62. Kd5 Re4 63. Rh6+ Kf7 64. Nd6+ 1-0

[Event "Regionalliga NO 1516"]
[Site "Bayern"]
[Date "2016.01.17"]
[Round "5.4"]
[White "Rieger, Martin"]
[Black "Oberhofer, Cedric"]
[Result "0-1"]
[WhiteElo "1922"]
[BlackElo "2031"]
[PlyCount "128"]
[EventDate "2015.10.11"]
[EventType "team-tourn"]
[EventRounds "9"]
[EventCountry "GER"]
[SourceTitle "EXT 2018"]
[Source "ChessBase"]
[SourceDate "2017.10.13"]
[SourceVersion "1"]
[SourceVersionDate "2017.10.13"]
[SourceQuality "1"]
[WhiteTeam "Schwandorf"]
[BlackTeam "Regensburg Bavaria"]
[WhiteTeamCountry "GER"]
[BlackTeamCountry "GER"]

1. d4 Nf6 2. Nf3 g6 3. Nc3 d5 4. Bf4 Bg7 5. e3 0-0 6. Qd2 c5 7. Be2 Nc6 8. Ne5 cxd4 9. exd4 Bf5 10. g4 Be6 11. f3 Qb6 12. 0-0-0 Qa5 13. Kb1 Rac8 14. h4 h5 15. Bh6 Rfd8 16. Nxc6 Rxc6 17. Bxg7 Kxg7 18. gxh5 Nxh5 19. Bd3 Qc7 20. Ne2 Bc8 21. Rdg1 Rh8 22. Rg5 Rf6 23. Qe3 Nf4 24. Qe5 Qd6 25. Qxd6 exd6 26. Nxf4 Rxf4 27. Rxd5 Rhxh4 28. Rxh4 Rxh4 29. b3 Rf4 30. Be2 Rf6 31. c4 Be6 32. Rg5 Rf4 33. d5 Bf5+ 34. Kc1 Kf6 35. Rg1 Rh4 36. Kd2 Ke5 37. Ke3 Rh3 38. Bf1 Rh4 39. Be2 b6 40. Bf1 Rh2 41. Be2 Rh4 42. Rf1 g5 43. Rg1 f6 44. Re1 Rh2 45. Rg1 Bc8 46. a4 Bd7 47. Bd1 a5 48. Be2 Bf5 49. b4 axb4 50. Bd3 Bd7 51. Rb1 f5 52. Bxf5 Bxf5 53. Rxb4 Ra2 54. Rxb6 Rxa4 55. Rc6 Ra3+ 56. Ke2 Bd3+ 57. Kd2 Bf5 58. c5 Rd3+ 59. Ke2 Rxd5 60. cxd6 Rxd6 61. Rc5+ Rd5 62. Rc7 Kf4 63. Rf7 Kg3 64. Rf6 Re5+ 0-1

[Event "Oberpfalz-ch M1"]
[Site "Schwandorf"]
[Date "2015.03.30"]
[Round "6"]
[White "Rieger, Martin"]
[Black "Oberhofer, Cedric"]
[Result "1/2-1/2"]
[WhiteElo "2103"]
[BlackElo "2065"]
[PlyCount "27"]
[EventDate "2015.03.28"]
[EventType "swiss"]
[EventRounds "8"]
[EventCountry "GER"]
[SourceTitle "EXT 2022"]
[Source "ChessBase"]
[SourceDate "2021.10.06"]
[SourceVersion "1"]
[SourceVersionDate "2021.10.06"]
[SourceQuality "1"]

1. e4 c5 2. Nf3 Nc6 3. d4 cxd4 4. Nxd4 Qb6 5. Nb3 Nf6 6. Nc3 e6 7. Be3 Qc7 8. a3 a6 9. f4 d6 10. Be2 Be7 11. 0-0 0-0 12. Bf3 b5 13. Qd2 Bb7 14. Qf2 1/2-1/2

[Event "Oberpfalz-ch M1"]
[Site "Schwandorf"]
[Date "2015.03.29"]
[Round "3"]
[White "Rieger, Martin"]
[Black "Blodig, Reinhard"]
[Result "0-1"]
[WhiteElo "2103"]
[BlackElo "2206"]
[PlyCount "56"]
[EventDate "2015.03.28"]
[EventType "swiss"]
[EventRounds "8"]
[EventCountry "GER"]
[SourceTitle "EXT 2022"]
[Source "ChessBase"]
[SourceDate "2021.10.06"]
[SourceVersion "1"]
[SourceVersionDate "2021.10.06"]
[SourceQuality "1"]

1. d4 Nf6 2. Nf3 c5 3. d5 b5 4. Bg5 Ne4 5. Bh4 Bb7 6. e3 g6 7. Qd3 f5 8. g4 Bg7 9. gxf5 gxf5 10. Bh3 c4 11. Qd1 Bxb2 12. Bxf5 Qa5+ 13. Kf1 Nd6 14. Ng5 b4 15. e4 Kd8 16. Bxd7 Nxd7 17. Ne6+ Kc8 18. Nd2 Bxa1 19. Qxa1 c3 20. Nb3 Qb5+ 21. Ke1 Nxe4 22. Nf4 Bxd5 23. Qd1 Nd2 24. Nxd2 Bxh1 25. Nb3 Qe5+ 26. Ne2 Bf3 27. Nbd4 Bxe2 28. Nxe2 Qd6 0-1

[Event "Oberpfalz-ch M1"]
[Site "Schwandorf"]
[Date "2015.03.28"]
[Round "2"]
[White "Maurer, Heinrich"]
[Black "Rieger, Martin"]
[Result "1/2-1/2"]
[WhiteElo "2142"]
[BlackElo "2103"]
[PlyCount "83"]
[EventDate "2015.03.28"]
[EventType "swiss"]
[EventRounds "8"]
[EventCountry "GER"]
[SourceTitle "EXT 2022"]
[Source "ChessBase"]
[SourceDate "2021.10.06"]
[SourceVersion "1"]
[SourceVersionDate "2021.10.06"]
[SourceQuality "1"]

1. e4 e6 2. d4 d5 3. Nc3 Nf6 4. e5 Nfd7 5. f4 c5 6. Nf3 Nc6 7. Be3 a6 8. Qd2 b5 9. dxc5 Nxc5 10. Nd4 Nxd4 11. Qxd4 b4 12. Nd1 Bb7 13. Be2 Na4 14. Qd2 Rc8 15. 0-0 Qc7 16. Rc1 Bc5 17. Bf3 Nb6 18. Bxc5 Qxc5+ 19. Qf2 Qxf2+ 20. Rxf2 Ke7 21. c3 Rc7 22. Rb1 a5 23. Ne3 Rhc8 24. a3 b3 25. Rd1 Ba6 26. Rd4 Bb5 27. f5 Nc4 28. Nxc4 Rxc4 29. Rfd2 a4 30. Kf2 Rxd4 31. Rxd4 Bc4 32. g4 h5 33. h3 hxg4 34. hxg4 Rh8 35. Kg3 f6 36. exf6+ gxf6 37. fxe6 Kxe6 38. Rd2 Ke5 39. Rd1 Ke6 40. Rd2 Ke5 41. Rd1 Ke6 42. Rd2 1/2-1/2

[Event "Oberpfalz-ch M1"]
[Site "Schwandorf"]
[Date "2015.03.28"]
[Round "1"]
[White "Rieger, Martin"]
[Black "Ott, Ian"]
[Result "1-0"]
[WhiteElo "2103"]
[BlackElo "1851"]
[PlyCount "73"]
[EventDate "2015.03.28"]
[EventType "swiss"]
[EventRounds "8"]
[EventCountry "GER"]
[SourceTitle "EXT 2022"]
[Source "ChessBase"]
[SourceDate "2021.10.06"]
[SourceVersion "1"]
[SourceVersionDate "2021.10.06"]
[SourceQuality "1"]

1. d4 Nf6 2. Nf3 d5 3. e3 g6 4. b3 Bg7 5. Bb2 0-0 6. Nbd2 b6 7. Be2 Nbd7 8. 0-0 Bb7 9. c4 c5 10. Qc2 Rc8 11. Rfd1 Qc7 12. Rac1 Qb8 13. Qb1 cxd4 14. exd4 Rfe8 15. Ne5 Nxe5 16. dxe5 Nd7 17. e6 fxe6 18. Bg4 Nf8 19. Bxg7 Kxg7 20. Qb2+ Kg8 21. Nf3 Qf4 22. Rd4 Qf6 23. Qd2 Rc5 24. Rf4 Qg7 25. Ng5 Bc8 26. Qe3 d4 27. Qd2 Rxg5 28. Rxf8+ Rxf8 29. Qxg5 Qf6 30. Qd2 Bb7 31. f4 Be4 32. Re1 Bf5 33. Bf3 Rd8 34. g4 d3 35. gxf5 Qxf5 36. Re5 Rd4 37. Rxf5 1-0

[Event "Regionalliga NO 1314"]
[Site "Bayern"]
[Date "2014.01.19"]
[Round "5.4"]
[White "Bloederl, Alfred"]
[Black "Rieger, Martin"]
[Result "1-0"]
[WhiteElo "1928"]
[BlackElo "1972"]
[PlyCount "101"]
[EventDate "2013.10.13"]
[EventType "team-tourn"]
[EventRounds "9"]
[EventCountry "GER"]
[SourceTitle "EXT 2015"]
[Source "ChessBase"]
[SourceDate "2014.11.20"]
[SourceVersion "1"]
[SourceVersionDate "2014.11.20"]
[SourceQuality "1"]
[WhiteTeam "Windischeschenbach"]
[BlackTeam "Schwandorf"]
[WhiteTeamCountry "GER"]
[BlackTeamCountry "GER"]

1. e4 g6 2. d4 Bg7 3. f4 d6 4. Nf3 Nf6 5. Nc3 0-0 6. Bd3 Bg4 7. h3 Bxf3 8. Qxf3 Nc6 9. Ne2 e5 10. d5 Nd4 11. Nxd4 exd4 12. 0-0 c5 13. Bd2 Nd7 14. g4 a6 15. a4 Rb8 16. a5 Qc7 17. b3 Ra8 18. g5 f6 19. h4 fxg5 20. hxg5 Ne5 21. Qh3 Nxd3 22. cxd3 Rae8 23. Kg2 Rf7 24. Rh1 Bh8 25. Rh2 b5 26. Kh1 c4 27. f5 Be5 28. fxg6 hxg6 29. Qh6 Bxh2 30. Qxg6+ Kh8 31. Qh5+ Kg8 32. Qg6+ Kf8 33. Qh6+ Rg7 34. Qh8+ Rg8 35. Rf1+ Ke7 36. Qh7+ Kd8 37. Rf7 Rh8 38. Rxc7 Rxh7 39. Rxh7 Be5 40. bxc4 bxc4 41. dxc4 Rg8 42. Kg2 Bf6 43. Rh6 Be7 44. Kg3 Kd7 45. Kg4 Bd8 46. Bf4 Be7 47. Rh7 Ke8 48. c5 dxc5 49. d6 Bf8 50. Rc7 Kd8 51. e5 1-0